Are You Smarter Than Me? Quiz Stats

 Plays Quiz not verified by Sporcle

Support Sporcle.
Go Orange.
Score 0/20 Timer 04:00
0 Plays Today
Question Answer % Correct
What is 'gato' in Spanish, 'chat' in French and 'Katze' in German?cat
78.5%
What famous painter cut off his left ear?Vincent van Gogh
78.1%
Name the famous detective who smoked a pipe and played the violinSherlock Holmes
76.9%
What is the most important holy book of the Islam?Quran
73.4%
Name a US president with the first name 'James'Madison
68.4%
In which city is the famous Musée d'Orsay?Paris
65.9%
Name one of the five main characters from the TV series How I Met Your MotherTed
60.9%
What famous singer's career included hits 'Strangers in the Night', 'My Way' and 'New York, New York'?Frank Sinatra
60%
Name one of the four Heads of House teachers from 'Harry Potter'Severus Snape
59.8%
How many gold medals did Michael Phelps win on the Olympics?18
56.8%
Question Answer % Correct
What is the only country in Europe countaining the letter X?Luxembourg
50.9%
Name one of the Top 10 movies according to IMDbThe Shawshank Redemption
50.7%
What is a male horse called?Stallion or Gelding
49.9%
How do you say Hello in Pig Latin?Ellohay
38.9%
What is the 15th prime number?47
32.7%
What Oscar winner actor starred in 'To Kill a Mockingbird' and 'Roman Holiday'?Gregory Peck
32.5%
Which country won the very first FIFA World Cup in 1930?Uruguay
30.8%
Complete the famous Latin phrase: Cogito ___ SumErgo
29.4%
What is the nationality of Ernő Rubik, inventor of Rubik's Cube?Hungarian
21.5%
Who was the composer of Claire De Lune?Claude Debussy
21.1%

You're not logged in!

Compare scores with friends on all Sporcle quizzes.
OR
Log In

From the Vault

Which Element Is It?

by Hejman

We're really in our element with this one.
Remove Ads.
Support Sporcle.
Get the best of Sporcle when you Go Orange. This ad-free experience offers more features, more stats, and more fun while also helping to support Sporcle. Thank you for becoming a member.

Show Comments

Extras

Created Dec 25, 2012ReportNominate
Tags:smart, Smarter, smartest

Top Quizzes Today


Score Distribution

Your Account Isn't Verified!

In order to create a playlist on Sporcle, you need to verify the email address you used during registration. Go to your Sporcle Settings to finish the process.

Report this User

Report this user for behavior that violates our Community Guidelines.

Details: